000
00421nam a2200145Ia 4500
008
100122s9999 xx 000 0 und d
082
_b
50903
_a
823
100
_a
झणकर अजेय
245
_a
सरकारनामा
260
_b
ग्रंथाली प्रकाशन
_c
1994
300
_a
172
630
_a
सरकारनामा
730
_a
सरकारनामा
942
_c
BOOK
999
_c
428482
_d
428479